Las bifurcaciones del orden: revolución, ciudad, campo e indignación

Saved in:
Bibliographic Details
Main Author: Santos, Boaventura de Sousa (Author)
Format: Book
Language:Spanish
Published: Bogotá Trotta 2018
Bogotá Siglo del Hombre 2018
Bogotá Ilsa 2018
Edition:1a. ed
Series:Colección Estructuras y Procesos. Serie Ciencias Sociales
Subjects:
Tags: Add Tag
No Tags, Be the first to tag this record!

MARC

LEADER 00000cam a2200000 a 4500
001 UCC3310
003 CL-VaPUC
008 180427e20180000ck |||||||||||||||||spa|d
020 |a 9789586654876 
082 0 4 |a 340.115  |b SAN  |2 21 
100 0 |a Santos, Boaventura de Sousa  |e author  |9 597322 
245 1 4 |a Las bifurcaciones del orden: revolución, ciudad, campo e indignación 
250 |a 1a. ed 
300 |a 292 p 
942 |c BK 
945 |d 20180427 13:12:00  |a arojas 
260 |a Bogotá  |b Trotta  |c 2018 
260 |a Bogotá  |b Siglo del Hombre  |c 2018 
260 |a Bogotá  |b Ilsa  |c 2018 
650 0 |a Filosofía del derecho   |9 255050 
650 7 |a SOCIOLOGIA JURIDICA  |2 CL-VaPUC  |9 597323 
650 0 |a Derecho y sociedad   |9 255963 
583 |a last modification  |c 20180427 13:12:00  |k Rodrigo Vera 
490 0 |a Colección Estructuras y Procesos. Serie Ciencias Sociales 
999 |c 371071  |d 371069 
952 |0 0  |1 0  |3 erb  |4 0  |6 340_115000000000000_SAN_2018_2018_2018  |7 0  |8 A  |9 487948  |a BIBING  |b BIBING  |i 5467411  |o 340.115 SAN 2018 2018 2018  |p 5467411  |r 2025-01-20  |w 2019-11-24  |y BK  |z Catalogado en:20180427  |k GEO